00473 2200193 4500001002100000005001500021008004100036020002200077035001900099041000700118082000800125090001400133100000900147245003500156260003000191300002600221500001100247650002100258INLIS00000000000331720241224112712241224||||||||| | ||| |||| || |  a978-602-242-133-7 0010-1224003317 aid0 a813 a813 THI h0 aThia00aHwaiting From Seoul to Beijing aBandungbDar! Mizanc2014 a136 hm,: ilus.; 21 cm aCet. 3 0aIlmu Kesusatraan